[Event "PRO League Group Stage"]
[Site "chess.com INT"]
[Date "2017.02.22"]
[Round "7"]
[White "Aradhya, Garg"]
[Black "Kozak, Adam"]
[Result "1-0"]
[BlackTitle "FM"]
[WhiteElo "2230"]
[BlackElo "2338"]
[WhiteTeam "Delhi Dynamite"]
[BlackTeam "Budapest Gambit"]
[WhiteFideId "25006746"]
[BlackFideId "753246"]
[EventDate "2017.01.11"]

1. Nf3 d5 2. g3 c6 3. Bg2 Bg4 4. O-O e6 5. c4 Nf6 6. cxd5 Bxf3 7. Bxf3 cxd5 8.
d4 Nc6 9. Nc3 Be7 10. e3 O-O 11. b3 Rc8 12. Bb2 Qa5 13. a3 Ne8 14. Rc1 Nd6 15.
b4 Qd8 16. Qb3 b5 17. Rfd1 a6 18. e4 Bg5 19. Rc2 dxe4 20. Nxe4 Nxe4 21. Bxe4 Ne7
22. Rc5 Bf6 23. Kg2 Qd7 24. Qc2 h6 25. h4 Rfd8 26. Rc1 Bxd4 27. Bxd4 Qxd4 28.
Rxc8 Nxc8 29. Bf3 Nb6 30. Rd1 Qf6 31. Qc6 Rxd1 32. Bxd1 Qd4 33. Qe8+ Kh7 34.
Bc2+ f5 35. Qxe6 g6 36. Qf7+ Qg7 37. Qe6 Qb7+ 38. Kg1 h5 39. Bb3 Kh6 40. Qf6 Nc4
41. Qh8+ Qh7 42. Qxh7+ Kxh7 43. Bxc4 bxc4 44. Kf1 Kg7 45. Ke2 Kf6 46. Kd2 g5 47.
Kc3 f4 48. a4 fxg3 49. fxg3 Kf5 50. b5 axb5 51. axb5 Kg4 52. b6 gxh4 53. gxh4
Kxh4 54. Kxc4 Kg3 55. b7 h4 56. b8=Q+ Kg2 57. Kd3 h3 58. Qg8+ Kh1 59. Ke2 h2 60.
Qf7 Kg2 1-0

[Event "PRO League Group Stage"]
[Site "chess.com INT"]
[Date "2017.02.22"]
[Round "7"]
[White "Neiksans, Arturs"]
[Black "Arsovic, Goran"]
[Result "0-1"]
[WhiteTitle "GM"]
[BlackTitle "IM"]
[WhiteElo "2627"]
[BlackElo "2401"]
[WhiteTeam "Riga Magicians"]
[BlackTeam "Belgrade Sparrows"]
[WhiteFideId "11601388"]
[BlackFideId "901792"]
[EventDate "2017.01.11"]

1. c4 Nf6 2. Nf3 c5 3. d4 cxd4 4. Nxd4 e6 5. Nc3 a6 6. e4 Qc7 7. Be2 Bb4 8. O-O
O-O 9. Qd3 d6 10. Nc2 Bc5 11. b4 Ba7 12. Bf4 e5 13. Bg5 Be6 14. Rfd1 Ne8 15. Ne3
Nc6 16. Ned5 Qd7 17. Be3 Nd4 18. Bf1 Rc8 19. Ne2 Bxd5 20. exd5 Nxe2+ 21. Bxe2
Bxe3 22. Qxe3 Nf6 23. Rac1 Qa4 24. Qb3 Qxb3 25. axb3 Nd7 26. Rc3 f5 27. Rdc1 b6
28. Ra1 Nb8 29. f3 Rc7 30. Kf2 Kf7 31. Ke3 Kf6 32. Bd3 g6 33. Rc2 Re8 34. Kd2 h5
35. h4 Rg8 36. Ke3 Re8 37. g3 Kg7 38. Rg2 Rh8 39. Bc2 Kf6 40. Kd2 Re7 41. Rag1
Rg7 42. Kc3 g5 43. hxg5+ Rxg5 44. f4 exf4 45. gxf4 Rg4 46. Bd1 Rxg2 47. Rxg2 h4
48. Kd4 Nd7 49. Bc2 h3 50. Rh2 Rh4 51. Ke3 Nf8 52. Bd1 Ng6 53. Bf3 Nxf4 54. Ra2
h2 55. Bh1 Ke5 56. Kf3 Rh3+ 57. Kf2 Rxb3 58. Bf3 Rxf3+ 0-1

[Event "PRO League Group Stage"]
[Site "chess.com INT"]
[Date "2017.02.22"]
[Round "7"]
[White "Neiksans, Arturs"]
[Black "Milanovic, Danilo"]
[Result "0-1"]
[WhiteTitle "GM"]
[BlackTitle "GM"]
[WhiteElo "2627"]
[BlackElo "2502"]
[WhiteTeam "Riga Magicians"]
[BlackTeam "Belgrade Sparrows"]
[WhiteFideId "11601388"]
[BlackFideId "915483"]
[EventDate "2017.01.11"]

1. e4 d5 2. exd5 Qxd5 3. Nc3 Qd6 4. d4 Nf6 5. Nf3 c6 6. g3 Bf5 7. Bg2 e6 8. O-O
h6 9. Ne5 Be7 10. Bf4 Qd8 11. Qe2 O-O 12. Rad1 Nbd7 13. g4 Bh7 14. Bg3 Qb6 15.
Nc4 Qa6 16. h3 Nb6 17. Ne3 Qxe2 18. Nxe2 Nfd5 19. Bxd5 cxd5 20. c3 Na4 21. Rd2
Rfc8 22. Nd1 b5 23. b3 Nb6 24. Ne3 a5 25. f3 b4 26. cxb4 Bxb4 27. Rdd1 a4 28.
Be1 Ba3 29. Rf2 axb3 30. axb3 Be7 31. f4 Ra3 32. f5 Rxb3 33. Bd2 Bg5 34. Nf4 Nc4
35. Nxc4 dxc4 36. fxe6 fxe6 37. Nxe6 Bxd2 38. Rfxd2 c3 39. Rf2 c2 40. Rc1 Rb1
41. Rff1 Rcb8 42. Nf4 Rxc1 43. Rxc1 Rb1 44. Ne2 Bd3 45. Kf2 Bxe2 46. Rxc2 Bf1
47. h4 Ba6 48. Rc6 Bb7 49. Rd6 Rb5 50. Kg3 Rd5 51. Rb6 Rd7 52. g5 hxg5 53. hxg5
Kf7 54. g6+ Ke7 55. Kf4 Rxd4+ 56. Ke5 Rd5+ 57. Kf4 Rd7 58. Ke5 Rd5+ 59. Kf4 Bc8
60. Rb4 Bf5 61. Rb7+ Kf6 62. Rb6+ Be6 63. Ra6 Rf5+ 64. Ke4 Rg5 65. Kf4 Rg4+ 66.
Kf3 Rxg6 67. Kf4 Rg4+ 68. Kf3 Rc4 69. Kg3 g5 70. Ra5 Rc3+ 71. Kf2 g4 72. Kg2 Bf5
73. Ra4 Kg5 74. Kf2 Kh4 75. Kg2 Rc2+ 76. Kg1 Bd7 77. Ra3 Bc6 78. Ra1 Bf3 79. Re1
g3 0-1

[Event "PRO League Group Stage"]
[Site "chess.com INT"]
[Date "2017.02.22"]
[Round "7"]
[White "Bacrot, Etienne"]
[Black "Van der Lende, Ilias"]
[Result "1-0"]
[WhiteTitle "GM"]
[BlackTitle "FM"]
[WhiteElo "2695"]
[BlackElo "2315"]
[WhiteTeam "Marseille Migraines"]
[BlackTeam "Amsterdam Mosquitos"]
[WhiteFideId "605506"]
[BlackFideId "1019260"]
[EventDate "2017.01.11"]

1. d4 e6 2. c4 Nf6 3. Nf3 d5 4. Nc3 Bb4 5. Qa4+ Nc6 6. e3 O-O 7. Qc2 h6 8. Bd2
Bxc3 9. Bxc3 Ne4 10. Bd3 Nxc3 11. Qxc3 Qe7 12. O-O Nb4 13. Be2 c5 14. a3 Nc6 15.
cxd5 cxd4 16. Nxd4 Nxd4 17. Qxd4 Rd8 18. Bf3 exd5 19. Rfd1 Be6 20. Rac1 Qd6 21.
e4 Rd7 22. exd5 Rad8 23. Qa4 Bf5 24. Qxa7 Qg6 25. Qd4 h5 26. Qe5 h4 27. Rc7 Bg4
28. Rxd7 Rxd7 29. Qb8+ Kh7 30. Qf4 Bxf3 31. Qxf3 Rd6 32. h3 Qc2 33. Qd3+ Qxd3
34. Rxd3 Kg6 35. Rd4 Kf5 36. Rxh4 Rxd5 37. Rb4 b5 38. g3 Kg5 39. Kg2 f6 40. h4+
Kf5 41. Kf3 Ke5 42. Ke3 g5 43. hxg5 fxg5 44. f4+ gxf4+ 45. Rxf4 Rd8 46. Rh4 Rb8
47. Rb4 Kd6 48. g4 Kc5 49. g5 Rf8 50. g6 Rg8 51. Rg4 Kd5 52. g7 b4 53. axb4 Ke5
54. Rg1 Ke6 55. b5 Kf7 56. Kf4 Kf6 57. b6 Kf7 58. b7 1-0

[Event "PRO League Group Stage"]
[Site "chess.com INT"]
[Date "2017.02.22"]
[Round "7"]
[White "Barbosa, Oliver"]
[Black "Cunningham, Robin"]
[Result "1/2-1/2"]
[WhiteTitle "GM"]
[BlackTitle "FM"]
[WhiteElo "2518"]
[BlackElo "2263"]
[WhiteTeam "New York Knights"]
[BlackTeam "Carolina Cobras"]
[WhiteFideId "5201640"]
[BlackFideId "2005093"]
[EventDate "2017.01.11"]

1. d4 d5 2. Nf3 Nf6 3. Bf4 c5 4. c3 Nc6 5. e3 Qb6 6. Qb3 c4 7. Qc2 Bf5 8. Qc1 e6
9. Nbd2 h6 10. h3 Be7 11. Be2 O-O 12. O-O Rfc8 13. Bd1 Qd8 14. Bc2 Bxc2 15. Qxc2
b5 16. e4 a5 17. Rfe1 b4 18. Ne5 a4 19. a3 bxa3 20. bxa3 Na5 21. exd5 Nxd5 22.
Bg3 Nb3 23. Ra2 Nxd2 24. Qxd2 Ra6 25. Qe2 Nxc3 26. Qf3 Nxa2 27. Qxf7+ Kh7 28.
Qg6+ Kg8 29. Nf7 Qe8 30. Nxh6+ Kf8 31. Qh7 gxh6 32. Qh8+ Kf7 33. Qh7+ Kf8 34.
Qh8+ Kf7 35. Qh7+ Kf8 1/2-1/2

[Event "PRO League Group Stage"]
[Site "chess.com INT"]
[Date "2017.02.22"]
[Round "7"]
[White "Barbosa, Oliver"]
[Black "Wang, Tianqi"]
[Result "0-1"]
[WhiteTitle "GM"]
[WhiteElo "2518"]
[BlackElo "2199"]
[WhiteTeam "New York Knights"]
[BlackTeam "Carolina Cobras"]
[WhiteFideId "5201640"]
[BlackFideId "2063824"]
[EventDate "2017.01.11"]

1. d4 Nf6 2. Bg5 e6 3. e4 d6 4. Nc3 Nbd7 5. Qd2 h6 6. Bh4 Nxe4 7. Bxd8 Nxd2 8.
Bxc7 Nxf1 9. Kxf1 Nf6 10. Nb5 Kd7 11. Ba5 b6 12. Be1 Ba6 13. a4 Kc6 14. c4 Be7
15. Nf3 Rhc8 16. b3 Kd7 17. h4 Ke8 18. Kg1 d5 19. Ne5 dxc4 20. Nxc4 Kf8 21. Rh3
Nd5 22. h5 Nf4 23. Re3 Nxh5 24. Ne5 Nf6 25. Rd1 Bb7 26. a5 a6 27. Nc3 b5 28. Na2
Rd8 29. Nb4 Rac8 30. Re2 Nd5 31. Nxd5 Bxd5 32. b4 Bb3 33. Rb1 Bc4 34. Rd2 Ke8
35. g3 f6 36. Ng4 Kf7 37. f4 Bd5 38. Nf2 Rc3 39. Nd3 Be4 40. Rbd1 Rxd4 41. Nc5
Rxd2 42. Rxd2 Rc1 43. Kf2 Bxc5+ 44. bxc5 Bd5 45. f5 Rxc5 46. fxe6+ Kxe6 47. Ke3
Rc4 48. Rd4 Rxd4 49. Kxd4 Bc4 50. Kc5 Kd7 51. Bb4 Kc7 52. Kd4 h5 53. Bf8 g6 54.
Bg7 f5 55. Kc5 Bf1 56. Bh6 Kd7 57. Bd2 b4 58. Bxb4 Ke6 59. Kd4 g5 60. Bd2 Kf6
61. Bc1 f4 62. gxf4 g4 63. Ke3 h4 64. Kf2 Bb5 65. f5 Kxf5 66. Ba3 g3+ 67. Kf3
Bc6+ 68. Ke3 Kg4 0-1

[Event "PRO League Group Stage"]
[Site "chess.com INT"]
[Date "2017.02.22"]
[Round "7"]
[White "Li, Beilin"]
[Black "Tang, Andrew"]
[Result "0-1"]
[BlackTitle "IM"]
[WhiteElo "1780"]
[BlackElo "2466"]
[WhiteTeam "Pittsburgh Pawngrabbers"]
[BlackTeam "Minnesota Blizzard"]
[WhiteFideId "30930952"]
[BlackFideId "2059630"]
[EventDate "2017.01.11"]

1. e4 e5 2. Bc4 Nc6 3. Nc3 Nf6 4. d3 Na5 5. Qf3 c6 6. Nge2 d6 7. h3 Be7 8. O-O
O-O 9. a4 Nxc4 10. dxc4 Be6 11. b3 Qc8 12. Ng3 Rd8 13. Rd1 h6 14. Ba3 Qc7 15.
Rd2 Rd7 16. Rad1 Rad8 17. Nd5 cxd5 18. cxd5 a6 19. c4 b5 20. dxe6 fxe6 21. cxb5
axb5 22. Nh5 bxa4 23. bxa4 Qc6 24. Nxf6+ Bxf6 25. Qb3 d5 26. f3 Kh8 27. a5 Rb7
28. Qa2 Qa6 29. exd5 Qxa5 30. dxe6 Ra8 31. Rd3 Be7 32. Qd5 Qxd5 33. Rxd5 Rxa3
34. Rxe5 Raa7 35. Red5 Kh7 36. Rd7 Kg6 37. Rxb7 Rxb7 38. f4 Kf6 39. g4 Kxe6 40.
f5+ Kf6 41. Kg2 Kg5 42. Re1 Rb2+ 43. Kf3 Rb3+ 44. Kg2 Bf6 45. Re6 Kh4 46. Re4
Rg3+ 47. Kf2 Kxh3 48. Re1 Bd4+ 0-1

[Event "PRO League Group Stage"]
[Site "chess.com INT"]
[Date "2017.02.22"]
[Round "7"]
[White "Li, Beilin"]
[Black "Narayanan, Samrug"]
[Result "1-0"]
[WhiteElo "1780"]
[BlackElo "1777"]
[WhiteTeam "Pittsburgh Pawngrabbers"]
[BlackTeam "Minnesota Blizzard"]
[WhiteFideId "30930952"]
[BlackFideId "30914051"]
[EventDate "2017.01.11"]

1. e4 e6 2. d3 d5 3. Nd2 c5 4. Ngf3 Nc6 5. g3 Bd6 6. Bg2 Nge7 7. O-O Qc7 8. Nh4
O-O 9. f4 f6 10. c3 a6 11. Re1 b5 12. exd5 exd5 13. Qh5 f5 14. Ndf3 h6 15. Ng6
Nxg6 16. Qxg6 Bd7 17. Ng5 hxg5 18. Bxd5+ Kh8 19. Qh5# 1-0

[Event "PRO League Group Stage"]
[Site "chess.com INT"]
[Date "2017.02.22"]
[Round "7"]
[White "Cheng, Bindi"]
[Black "Mareco, Sandro"]
[Result "0-1"]
[WhiteTitle "IM"]
[BlackTitle "GM"]
[WhiteElo "2397"]
[BlackElo "2645"]
[WhiteTeam "Toronto Dragons"]
[BlackTeam "Buenos Aires Krakens"]
[WhiteFideId "2682249"]
[BlackFideId "112275"]
[EventDate "2017.01.11"]

1. Nf3 Nf6 2. c4 e6 3. g3 d5 4. Bg2 dxc4 5. Qa4+ Nbd7 6. O-O a6 7. Qxc4 b5 8.
Qc2 Bb7 9. a4 c5 10. Nc3 Qb6 11. d3 Be7 12. Qb3 Nd5 13. axb5 axb5 14. Rxa8+ Bxa8
15. Nd2 Nxc3 16. bxc3 Bxg2 17. Kxg2 O-O 18. Nf3 Ra8 19. Be3 Qa6 20. Rb1 b4 21.
cxb4 cxb4 22. Nd4 Nf6 23. Qc4 Qxc4 24. dxc4 Rc8 25. c5 Nd5 26. c6 g6 27. Rc1 Nc3
28. Bd2 Bf6 29. Bxc3 bxc3 30. e3 Bxd4 31. exd4 Rxc6 32. Kf3 Kg7 33. Ke3 Kf6 34.
Kd3 Kf5 35. f3 g5 36. Kc2 h5 37. Ra1 f6 38. Ra5+ e5 39. d5 Rc8 40. Ra4 g4 41. f4
Rd8 42. fxe5 fxe5 43. Ra5 Ke4 44. Ra4+ Ke3 45. Ra5 Kd4 46. Ra4+ Kxd5 47. Kxc3
Rf8 48. Kd3 Rf2 49. Ra5+ Ke6 50. Ra6+ Kf5 51. Ra8 Rxh2 52. Rf8+ Kg6 53. Rg8+ Kf6
54. Rf8+ Ke7 55. Rh8 Kf6 56. Rf8+ Kg7 57. Re8 Rh3 0-1

[Event "PRO League Group Stage"]
[Site "chess.com INT"]
[Date "2017.02.22"]
[Round "7"]
[White "Giannatos, Peter"]
[Black "Biag, Ivan Gil"]
[Result "0-1"]
[BlackTitle "FM"]
[WhiteElo "2284"]
[BlackElo "2337"]
[WhiteTeam "Carolina Cobras"]
[BlackTeam "New York Knights"]
[WhiteFideId "2041650"]
[BlackFideId "5201624"]
[EventDate "2017.01.11"]

1. d4 d5 2. Bf4 Nf6 3. e3 c5 4. Nc3 a6 5. dxc5 Nc6 6. Nf3 e6 7. Na4 Bxc5 8. Nxc5
Qa5+ 9. c3 Qxc5 10. Be2 O-O 11. O-O h6 12. h3 Re8 13. Ne5 Nd7 14. Nxd7 Bxd7 15.
Bg3 e5 16. b4 Qxc3 17. Qxd5 Be6 18. Qc5 Qxb4 19. Qc2 Qa5 20. a4 Rac8 21. Qb2 Re7
22. Rfc1 f6 23. Bf3 Bd5 24. Bg4 Rd8 25. Rd1 Bf7 26. Rxd8+ Qxd8 27. Rd1 Qa5 28.
Qc2 Qb4 29. Bf5 Bb3 30. Qd3 Bxd1 31. Qd5+ Kf8 32. Qxd1 Qc5 33. Qh5 b5 34. axb5
axb5 35. Qg6 b4 36. Qh7 Qc4 37. Bd3 Qg8 38. Qe4 Qe6 39. Bc4 f5 40. Qc2 Qf6 41.
Bb3 Rd7 42. Qc4 Ke7 43. Ba4 Rd6 44. f3 g5 45. Be1 Qe6 46. Qc2 Kf6 47. Bb3 Qd7
48. h4 f4 49. hxg5+ hxg5 50. exf4 gxf4 51. Bh4+ Kg7 52. Qc4 Qe8 53. Bf2 Nd4 54.
Qxb4 Qd8 55. Ba4 Ne2+ 56. Kf1 Ng3+ 57. Bxg3 fxg3 58. Qg4+ Rg6 59. Qe4 Qd4 60.
Qxd4 exd4 61. Ke2 Ra6 62. Bb3 Ra3 63. Bd5 Kf6 64. f4 Kf5 0-1

[Event "PRO League Group Stage"]
[Site "chess.com INT"]
[Date "2017.02.22"]
[Round "7"]
[White "Mihajlov, Sebastian"]
[Black "Pavasovic, Dusko"]
[Result "1/2-1/2"]
[WhiteTitle "FM"]
[BlackTitle "GM"]
[WhiteElo "2384"]
[BlackElo "2548"]
[WhiteTeam "Norway Gnomes"]
[BlackTeam "Ljubljana Direwolves"]
[WhiteFideId "1512110"]
[BlackFideId "14600986"]
[EventDate "2017.01.11"]

1. d4 d5 2. c4 e6 3. Nc3 c6 4. Nf3 Nf6 5. e3 Nbd7 6. Bd3 dxc4 7. Bxc4 b5 8. Bd3
a6 9. a4 b4 10. Ne4 c5 11. Nxf6+ Nxf6 12. dxc5 Bb7 13. Qe2 Bxc5 14. e4 Nd7 15.
O-O O-O 16. Rd1 Qb8 17. b3 Bd6 18. Bb2 Ne5 19. Nxe5 Bxe5 20. g3 Rd8 21. Rac1 a5
22. Bb1 Bxb2 23. Qxb2 Qa7 24. Qe5 Qb6 25. h4 h6 26. Kg2 Rac8 27. Rxd8+ Rxd8 28.
Qc7 Qxc7 29. Rxc7 Rd1 30. Bc2 Rc1 31. Rxb7 Rxc2 32. Ra7 Rc3 33. Rxa5 Rxb3 34.
Rb5 Rb1 35. a5 b3 36. a6 Ra1 37. Rxb3 Rxa6 1/2-1/2

[Event "PRO League Group Stage"]
[Site "chess.com INT"]
[Date "2017.02.22"]
[Round "7"]
[White "Finegold, Benjamin"]
[Black "Chirila, Ioan-Cristian"]
[Result "1/2-1/2"]
[WhiteTitle "GM"]
[BlackTitle "GM"]
[WhiteElo "2483"]
[BlackElo "2533"]
[WhiteTeam "St Louis Arch Bishops"]
[BlackTeam "San Jose Hackers"]
[WhiteFideId "2000261"]
[BlackFideId "1211668"]
[EventDate "2017.01.11"]

1. d4 Nf6 2. Nf3 g6 3. c4 Bg7 4. Nc3 d5 5. e3 O-O 6. cxd5 Nxd5 7. Bc4 Nxc3 8.
bxc3 c5 9. O-O Qc7 10. Qe2 b6 11. Ba3 Nd7 12. Rab1 Bb7 13. Bb3 Rac8 14. h3 e6
15. Rfd1 Rfd8 16. Ba4 Nf6 17. Rdc1 Ne4 18. Nd2 e5 19. Nxe4 Bxe4 20. Ra1 Qb7 21.
f3 Bc6 22. Bxc6 Qxc6 23. dxc5 Qa4 24. Qb2 Bf8 25. Qb3 Qa6 26. Rd1 bxc5 27. c4 e4
28. Bb2 exf3 29. Qc3 f6 30. Qxf6 Qxf6 31. Bxf6 Re8 32. gxf3 Rxe3 33. Kf2 Re6 34.
Bc3 Be7 35. Rd7 Rf8 36. Rb1 Bf6 37. Bxf6 Rexf6 38. Rb3 R8f7 39. Rxf7 Rxf7 40.
Rb5 Rc7 41. Ra5 Kf7 42. Ke3 Ke6 43. Ke4 Kf6 44. f4 Re7+ 45. Kf3 Rc7 46. Ke4 Re7+
47. Kd5 Kf5 48. Kxc5 Kxf4 49. Kd6 Re1 50. Rxa7 h5 51. c5 Rd1+ 52. Ke6 Rc1 53.
Ra4+ Kg3 54. Ra3+ Kh4 55. Kd5 g5 56. c6 g4 57. hxg4 hxg4 58. Ra4 Kg5 59. Rc4
Rd1+ 60. Ke6 Re1+ 61. Kf7 Rf1+ 62. Ke7 Re1+ 63. Kf7 Rf1+ 64. Kg7 g3 65. Rc2 Rf2
66. Rc1 g2 67. c7 Rf1 68. c8=Q g1=Q 69. Rxf1 Qxf1 70. Qd8+ Kh5 71. Qd5+ Kg4 72.
Qe4+ Kg3 73. a4 Qa1+ 74. Kf7 Qa2+ 75. Ke7 Qa3+ 76. Kd7 Qa1 77. Qd3+ Kh4 78. Kc6
Qxa4+ 79. Kc5 Qg4 80. Qd4 Qxd4+ 81. Kxd4 1/2-1/2

[Event "PRO League Group Stage"]
[Site "chess.com INT"]
[Date "2017.02.22"]
[Round "7"]
[White "Kozak, Adam"]
[Black "Lalith, Babu M R"]
[Result "0-1"]
[WhiteTitle "FM"]
[BlackTitle "GM"]
[WhiteElo "2338"]
[BlackElo "2587"]
[WhiteTeam "Budapest Gambit"]
[BlackTeam "Delhi Dynamite"]
[WhiteFideId "753246"]
[BlackFideId "5024595"]
[EventDate "2017.01.11"]

1. d4 Nf6 2. c4 e6 3. Nc3 Bb4 4. Qc2 d5 5. Nf3 O-O 6. a3 Bxc3+ 7. Qxc3 dxc4 8.
Qxc4 b6 9. Bg5 Ba6 10. Qa4 Bb7 11. Rd1 h6 12. Bh4 Nbd7 13. e3 c5 14. dxc5 Nxc5
15. Qc2 Qe7 16. Be2 Rac8 17. O-O g5 18. Bg3 Nce4 19. Qb1 Nxg3 20. hxg3 Be4 21.
Bd3 Bb7 22. Be2 Kg7 23. Nd4 Rfd8 24. Rc1 Be4 25. Bd3 Rxc1 26. Rxc1 e5 27. Nf5+
Bxf5 28. Bxf5 e4 29. Qc2 Qe5 30. g4 h5 31. Qe2 Rh8 32. g3 h4 33. Kg2 hxg3 34.
fxg3 Rd8 35. Qf2 Rd3 36. Rc2 Qd5 37. Qe2 Qb3 38. Kf2 Rxe3 39. Qxe3 Qxc2+ 40. Qe2
Qb3 41. Bxe4 Nxe4+ 42. Qxe4 Qxb2+ 43. Kg1 Qxa3 44. Qe5+ f6 45. Qc7+ Kg6 46. Kh2
Qa2+ 47. Kh3 Qf7 48. Qb8 Kg7 49. Kh2 Qd7 50. Kh3 b5 51. Kh2 a5 52. Qb6 a4 53.
Kh3 a3 54. Qa5 Qd5 55. Kh2 a2 56. Qc7+ Qf7 57. Qc3 b4 58. Qb2 b3 59. Qc3 Qa7 0-1

[Event "PRO League Group Stage"]
[Site "chess.com INT"]
[Date "2017.02.22"]
[Round "7"]
[White "Kozak, Adam"]
[Black "Grover, Sahaj"]
[Result "1/2-1/2"]
[WhiteTitle "FM"]
[BlackTitle "GM"]
[WhiteElo "2338"]
[BlackElo "2467"]
[WhiteTeam "Budapest Gambit"]
[BlackTeam "Delhi Dynamite"]
[WhiteFideId "753246"]
[BlackFideId "5021103"]
[EventDate "2017.01.11"]

1. d4 Nf6 2. c4 e6 3. Nc3 Bb4 4. Qc2 Nc6 5. Nf3 d6 6. Bd2 Qe7 7. a3 Bxc3 8. Bxc3
a5 9. e3 e5 10. Be2 O-O 11. dxe5 dxe5 12. O-O Re8 13. Rad1 a4 14. h3 Nd7 15. Rd5
f6 16. Rfd1 Nc5 17. Rf1 Be6 18. Rdd1 g6 19. Bb4 Nxb4 20. axb4 Na6 21. b5 Nc5 22.
Nd2 Red8 23. Bf3 f5 24. b4 Nd3 25. Bxb7 Ra7 26. Bd5 Bxd5 27. cxd5 Nxb4 28. Qc4
Qd6 29. Rb1 Nxd5 30. e4 fxe4 31. Nxe4 Qe6 32. Rbd1 Kg7 33. Nc5 Qf7 34. Nxa4 Raa8
35. Nc3 Nf4 36. Qe4 Qf5 37. Rde1 Ra3 38. Qxf5 gxf5 39. Ne2 Nd3 40. Rd1 e4 41.
Ng3 Kg6 42. Rb1 Rd6 43. Rfd1 Ra2 44. Nh1 Rb6 45. g3 Ra5 46. f3 Raxb5 47. Rxb5
Rxb5 48. fxe4 fxe4 49. Nf2 Nxf2 50. Kxf2 Rb2+ 51. Ke3 Rb3+ 52. Kf4 Rf3+ 53. Kxe4
Rxg3 54. Rc1 Rxh3 55. Kf4 Rd3 56. Rxc7 Rd4+ 57. Kg3 Rd5 58. Rc1 Kg5 59. Kh2 h5
60. Kh1 Kh4 61. Rc2 Kg3 62. Rc3+ Kg4 63. Rc4+ Kg5 64. Rc1 Rd3 65. Rg1+ Kh4 66.
Rg2 Kh3 67. Rh2+ Kg4 68. Rg2+ Kf4 69. Kh2 h4 70. Rg8 h3 71. Rf8+ Kg4 72. Rg8+
Kh4 73. Rh8+ 1/2-1/2

[Event "PRO League Group Stage"]
[Site "chess.com INT"]
[Date "2017.02.22"]
[Round "7"]
[White "Liu, Aristo S"]
[Black "Guseinov, Gadir"]
[Result "0-1"]
[BlackTitle "GM"]
[WhiteElo "1969"]
[BlackElo "2643"]
[WhiteTeam "Columbus Cardinals"]
[BlackTeam "Atlanta Kings"]
[WhiteFideId "30903483"]
[BlackFideId "13401378"]
[EventDate "2017.01.11"]

1. e4 c5 2. c3 g6 3. d4 cxd4 4. cxd4 d5 5. e5 Nh6 6. Nc3 Bg7 7. h3 O-O 8. g4 f6
9. f4 Nc6 10. Bg2 fxe5 11. fxe5 e6 12. Nf3 b6 13. O-O Nf7 14. Be3 Ba6 15. Rf2
Rc8 16. Qd2 Qe7 17. Bf1 Bxf1 18. Raxf1 Qb4 19. Ne1 Nfxe5 20. Nc2 Nc4 21. Nxb4
Nxd2 22. Nxc6 Nxf1 23. Ne7+ Kh8 24. Rxf1 Rc7 25. Bg5 Bxd4+ 26. Kg2 Rxf1 27. Kxf1
Bxc3 28. bxc3 Kg7 29. Bh4 Kf7 30. Ke2 Rxe7 31. Bxe7 Kxe7 32. Ke3 e5 33. Kf3 g5
34. Ke3 Kd6 35. Kd3 Kc5 36. Ke3 Kc4 37. Kd2 b5 38. Kc2 d4 39. cxd4 Kxd4 40. Kd2
a5 0-1

[Event "PRO League Group Stage"]
[Site "chess.com INT"]
[Date "2017.02.22"]
[Round "7"]
[White "Liu, Aristo S"]
[Black "Corallo, Michael Patrick"]
[Result "0-1"]
[WhiteElo "1969"]
[BlackElo "2275"]
[WhiteTeam "Columbus Cardinals"]
[BlackTeam "Atlanta Kings"]
[WhiteFideId "30903483"]
[BlackFideId "2024152"]
[EventDate "2017.01.11"]

1. e4 e5 2. Nf3 Nc6 3. d4 exd4 4. Nxd4 Bc5 5. Nb3 Bb6 6. Nc3 Nge7 7. Qe2 O-O 8.
Be3 f5 9. O-O-O f4 10. Bxb6 axb6 11. Kb1 d6 12. f3 Be6 13. Nd5 Ne5 14. Qd2 Bxd5
15. exd5 Qd7 16. a3 Qa4 17. Qc3 Nf5 18. Nd4 Ne3 19. Bb5 Nxd5 20. Qd2 Qa5 21. Ne6
Qxb5 22. Qxd5 Qxd5 23. Rxd5 Rf7 24. Rd4 Re8 25. Nxf4 Nc6 26. Rc4 b5 27. Rxc6
bxc6 28. Nd3 Re2 29. Rg1 c5 30. Nc1 Rd2 31. Nb3 Rf2 32. Nc1 c4 33. Na2 d5 34.
Nc3 c6 35. Nd1 Re2 36. Nc3 Re6 37. Kc1 Rfe7 38. Kd2 Kf7 39. Rf1 Kf6 40. Rg1 Kf5
41. Rf1 h5 42. Rg1 Kf4 43. Rf1 h4 44. Rf2 g5 45. Rf1 Kf5 46. Rg1 Kg6 47. Rf1 Rf6
48. h3 Rfe6 49. Rf2 Kf5 50. Ne2 c5 51. Nc3 d4 52. Nxb5 Kf4 53. a4 Kg3 54. Rf1
Re2+ 55. Kd1 Rxg2 56. Nd6 Re5 57. Ne4+ Kf4 58. a5 d3 59. cxd3 cxd3 60. a6 c4 61.
a7 Ra5 62. Nd6 Ra1# 0-1

[Event "PRO League Group Stage"]
[Site "chess.com INT"]
[Date "2017.02.22"]
[Round "7"]
[White "Klaver, Cornelis"]
[Black "Kim, Kristina"]
[Result "0-1"]
[WhiteElo "2117"]
[BlackElo "1875"]
[WhiteTeam "Johannesburg Koeksisters"]
[BlackTeam "Shymkent Nomads"]
[WhiteFideId "14301725"]
[BlackFideId "13712438"]
[EventDate "2017.01.11"]

1. d4 Nf6 2. Bg5 Ne4 3. h4 c5 4. Qd3 Qb6 5. b3 d5 6. e3 Nc6 7. Nd2 Bf5 8. Qb5
Nxg5 9. hxg5 cxd4 10. exd4 Qxd4 11. c3 Qxc3 12. Rd1 O-O-O 13. Ne2 Qe5 14. Rc1
Bd7 15. g6 fxg6 16. Nf3 Qf6 17. Rh4 e5 18. Qxd5 Ba3 19. Rc2 Bg4 20. Rxc6+ bxc6
21. Qc4 Bxf3 22. gxf3 Kc7 23. b4 Qd6 24. Qc2 g5 25. Rc4 Bxb4+ 26. Nc3 a5 27. a3
Bxc3+ 28. Rxc3 Rhf8 29. Bb5 Kb8 30. Rxc6 Qd4 31. Rb6+ Qxb6 0-1

[Event "PRO League Group Stage"]
[Site "chess.com INT"]
[Date "2017.02.22"]
[Round "7"]
[White "Chirila, Ioan-Cristian"]
[Black "Akobian, Varuzhan"]
[Result "0-1"]
[WhiteTitle "GM"]
[BlackTitle "GM"]
[WhiteElo "2533"]
[BlackElo "2633"]
[WhiteTeam "San Jose Hackers"]
[BlackTeam "St Louis Arch Bishops"]
[WhiteFideId "1211668"]
[BlackFideId "13300580"]
[EventDate "2017.01.11"]

1. d4 Nf6 2. c4 e6 3. Nf3 d5 4. Nc3 Be7 5. Bf4 O-O 6. e3 b6 7. Qc2 c5 8. dxc5
bxc5 9. cxd5 exd5 10. Rd1 Bb7 11. Bb5 Nbd7 12. O-O a6 13. Be2 Qb6 14. Ne5 Rfd8
15. Bf3 Nf8 16. Na4 Qa5 17. Nc4 dxc4 18. Bxb7 Rxd1 19. Rxd1 Rd8 20. Rc1 Ng6 21.
Bg3 h5 22. f3 Qb5 23. Be4 Nxe4 24. fxe4 Bg5 25. Nc3 Bxe3+ 26. Bf2 Bxf2+ 27. Qxf2
Qb7 28. Qe2 h4 29. Nd5 Re8 30. Qxc4 Qxb2 31. Rf1 Qd4+ 32. Qxd4 cxd4 33. Nc7 Rxe4
34. Nxa6 d3 35. Nc5 Rd4 36. Rd1 Ne5 37. a4 d2 38. a5 Rd5 39. Nb3 Rb5 40. Nxd2
Rxa5 41. Ne4 f6 42. Nf2 Kf7 43. Nd3 Ng4 44. h3 Ne3 45. Re1 Nf5 46. Nf4 g5 47.
Ne2 Ra2 48. Nc3 Rc2 49. Ne4 Ng3 50. Nd6+ Kg6 51. Ne4 Ne2+ 52. Kf1 Nf4 53. Nf2
Rxf2+ 54. Kxf2 Nd3+ 55. Ke2 Nxe1 56. Kxe1 Kf5 57. Kf1 Ke4 58. Ke2 Kf4 59. Kf2 f5
60. Kf1 Kg3 61. Kg1 f4 0-1